Green economy and good governance for sustainable development : opportunities, promises and concerns /

Bibliographic Details
Other Authors: Oliveira, José Antonio Puppim de, 1966-
Format: Book
Language:English
Published: Tokyo ; New York : United Nations University Press, [2012]
Subjects:

MARC

Tag First Indicator Second Indicator Subfields
LEADER 00000cam a2200000 a 4500
001 in00002782918
005 20150922150436.0
008 120328s2012 ja a b i001 0 eng
010 |a  2012010918 
019 |a 792889398 
020 |a 9789280812169 (pbk.) 
020 |a 9280812165 (pbk.) 
035 |a (OCoLC)ocn782251859 
035 |a (OCoLC)782251859 
040 |a DLC  |b eng  |c DLC  |d YDX  |d BTCTA  |d OCLCO  |d BDX  |d YDXCP  |d UtOrBLW 
042 |a pcc 
049 |a TXAM 
050 0 0 |a HD75.6  |b .G736 2012 
082 0 0 |a 338.9/27  |2 23 
245 0 0 |a Green economy and good governance for sustainable development :  |b opportunities, promises and concerns /  |c edited by Jose A. Puppim de Oliveira. 
264 1 |a Tokyo ;  |a New York :  |b United Nations University Press,  |c [2012] 
264 4 |c ©2012 
300 |a xv, 350 pages :  |b illustrations ;  |c 24 cm. 
336 |a text  |b txt  |2 rdacontent 
337 |a unmediated  |b n  |2 rdamedia 
338 |a volume  |b nc  |2 rdacarrier 
504 |a Includes bibliographical references and index. 
650 0 |a Economic development  |x Environmental aspects. 
650 0 |a Sustainable development. 
650 0 |a Environmental policy. 
700 1 |a Oliveira, José Antonio Puppim de,  |d 1966- 
938 |a Baker and Taylor  |b BTCP  |n BK0011153384 
938 |a Brodart  |b BROD  |n 103299750 
938 |a YBP Library Services  |b YANK  |n 7660154 
947 |a A14835930180 
945 |a PromptCat  |b 108321 
946 |a stk 
994 |a 92  |b TXA 
948 |a Cataloged  |b h  |c 2012/11/30  |d c  |e EGrant 
999 |a MARS 
999 f f |s 872d0cd5-976f-3cc0-8864-b9f194db9a02  |i ffa59b3d-f1f0-317a-98dc-7f8844118fce  |t 0 
952 f f |p normal  |a Texas A&M University  |b College Station  |c Sterling C. Evans Library  |d Evans: Library Stacks  |t 0  |e HD75.6 .G736 2012  |h Library of Congress classification  |i unmediated -- volume  |m A14835930180 
998 f f |a HD75.6 .G736 2012  |t 0  |l Evans: Library Stacks